ស្រាវជ្រាវការដល់អាយុធ្វើអាជីវកម្ម នៃដើមឈើស្រស់; (Record no. 3118)

000 -LEADER
fixed length control field 00512nam a22001577a 4500
003 - CONTROL NUMBER IDENTIFIER
control field OSt
005 - DATE AND TIME OF LATEST TRANSACTION
control field 20151104143208.0
008 - FIXED-LENGTH DATA ELEMENTS--GENERAL INFORMATION
fixed length control field 151104b xxu||||| |||| 00| 0 eng d
040 ## - CATALOGING SOURCE
Transcribing agency RUA
082 ## - DEWEY DECIMAL CLASSIFICATION NUMBER
Classification number FOR សូ 1993 B119 Or.1
100 ## - MAIN ENTRY--PERSONAL NAME
9 (RLIN) 3345
Personal name សូ ផល្លា
245 ## - TITLE STATEMENT
Title ស្រាវជ្រាវការដល់អាយុធ្វើអាជីវកម្ម នៃដើមឈើស្រស់;
260 ## - PUBLICATION, DISTRIBUTION, ETC. (IMPRINT)
Place of publication, distribution, etc. Phnom Penh
Name of publisher, distributor, etc. RUA
Date of publication, distribution, etc. 1993
300 ## - PHYSICAL DESCRIPTION
Extent 60p.
Other physical details ill.
Dimensions 29cm.
942 ## - ADDED ENTRY ELEMENTS (KOHA)
Source of classification or shelving scheme
Koha item type FOR
Holdings
Price effective from Date last seen Permanent Location Not for loan Date acquired Source of classification or shelving scheme Koha item type Lost status Withdrawn status Date last checked out Total Checkouts Shelving location Damaged status Barcode Current Location Full call number
2015-11-042015-11-04Library Block B 2015-11-04 FOR    B119 RUA027696Library Block BFOR សូ 1993 B119 Or.1
2015-11-042015-11-04Library Block B 2015-11-04 FOR    B119 RUA027918Library Block BFOR សូ 1993 B119 Or.2
2015-11-042016-06-15Library Block B 2015-11-04 FOR  2016-06-141B119 RUA027846Library Block BFOR សូ 1993 B119 Or.3
2015-11-042015-11-04Library Block B 2015-11-04 FOR    B119 RUA027916Library Block BFOR សូ 1993 B119 Or.4
មជ្ឈមណ្ឌលឯការនៃសាកលវិទ្យាល័យភូមិន្ទកសិកម្មចំការដូង

Powered by Koha